| 000 | 00559nam a2200193 a 4500 | ||
|---|---|---|---|
| 005 | 20230208063855.0 | ||
| 008 | 040423s1999 mx r 000 0 spa d | ||
| 020 | _a9507249222 | ||
| 035 | _aUPN01000133098 | ||
| 049 | _aCG | ||
| 050 | 4 |
_aHV5801 _bY3.3 |
|
| 100 | 1 |
_aYaría, Juan Alberto, _d1945- |
|
| 245 | 1 | 0 |
_aDrogas : _bpostmodernidad y redes sociales / _cJuan Alberto Yaría. |
| 260 |
_aBuenos Aires : _bLumen : _bUniversidad del Salvador, _c1999. |
||
| 300 | _a182 p. | ||
| 440 | 0 | _aTemas actuales | |
| 650 | 4 |
_aAbuso de drogas _9242 |
|
| 905 | _aLibro | ||
| 999 |
_c105251 _d105251 |
||